<?xml version="1.0" encoding="UTF-8"?>
<record
    xmlns:xsi="http://www.w3.org/2001/XMLSchema-instance"
    xsi:schemaLocation="http://www.loc.gov/MARC21/slim http://www.loc.gov/standards/marcxml/schema/MARC21slim.xsd"
    xmlns="http://www.loc.gov/MARC21/slim">

  <leader>06729nam a2200349 i 4500</leader>
  <controlfield tag="001">a43665732</controlfield>
  <controlfield tag="003">SIRSI</controlfield>
  <controlfield tag="005">20250827125052.0</controlfield>
  <controlfield tag="008">240426s2024    sp            000 0bspa d</controlfield>
  <datafield tag="020" ind1=" " ind2=" ">
    <subfield code="a">9788433922069</subfield>
  </datafield>
  <datafield tag="035" ind1=" " ind2=" ">
    <subfield code="a">(OCoLC)1431896889</subfield>
  </datafield>
  <datafield tag="040" ind1=" " ind2=" ">
    <subfield code="a">NUI</subfield>
    <subfield code="b">eng</subfield>
    <subfield code="e">rda</subfield>
    <subfield code="c">NUI</subfield>
    <subfield code="d">OCLCO</subfield>
    <subfield code="d">UtOrBLW</subfield>
  </datafield>
  <datafield tag="041" ind1=" " ind2=" ">
    <subfield code="a">Spanish</subfield>
  </datafield>
  <datafield tag="043" ind1=" " ind2=" ">
    <subfield code="a">s-ag---</subfield>
  </datafield>
  <datafield tag="050" ind1=" " ind2="4">
    <subfield code="a">F2849.22.G84</subfield>
    <subfield code="b">L53 2024</subfield>
  </datafield>
  <datafield tag="100" ind1=" " ind2=" ">
    <subfield code="a">Guerriero, Leila,</subfield>
    <subfield code="d">1967-</subfield>
    <subfield code="e">author.</subfield>
    <subfield code="4">http://id.loc.gov/vocabulary/relators/aut</subfield>
    <subfield code="0">http://id.loc.gov/authorities/names/n2006065812</subfield>
  </datafield>
  <datafield tag="245" ind1="1" ind2="3">
    <subfield code="a">La llamada </subfield>
    <subfield code="b">: un retrato </subfield>
    <subfield code="c">/ Leila Guerriero.</subfield>
  </datafield>
  <datafield tag="250" ind1=" " ind2=" ">
    <subfield code="a">First edition</subfield>
  </datafield>
  <datafield tag="264" ind1=" " ind2="1">
    <subfield code="a">Barcelona :</subfield>
    <subfield code="b">Editorial Anagrama,</subfield>
    <subfield code="c">2024.</subfield>
  </datafield>
  <datafield tag="300" ind1=" " ind2=" ">
    <subfield code="a">430 pages ;</subfield>
    <subfield code="c">22 cm.</subfield>
  </datafield>
  <datafield tag="490" ind1="1" ind2=" ">
    <subfield code="a">Narrativas hisp&#xE1;nicas</subfield>
  </datafield>
  <datafield tag="520" ind1=" " ind2=" ">
    <subfield code="a">"A fines de los sesenta, con trece a&#xF1;os, la argentina Silvia Labayru era una adolescente t&#xED;mida, lectora, amante de los animales, entusiasta de John F. Kennedy, hija de una familia de militares que inclu&#xED;a a su padre, miembro de la Fuerza A&#xE9;rea y piloto civil. A esa edad ingres&#xF3; en el Colegio Nacional Buenos Aires, una instituci&#xF3;n p&#xFA;blica de gran prestigio, donde entr&#xF3; en contacto con agrupaciones estudiantiles de izquierda y se transform&#xF3; en una militante aguerrida. En marzo de 1976 se produjo en la Argentina un golpe de Estado que dio comienzo a una dictadura militar. Para entonces, embarazada de cinco meses y con veinte a&#xF1;os, Labayru integraba el sector de Inteligencia de la organizaci&#xF3;n Montoneros, un grupo armado de extracci&#xF3;n peronista. El 29 de diciembre de 1976 fue secuestrada por militares y trasladada a la ESMA, la Escuela de Mec&#xE1;nica de la Armada, donde funcionaba un centro de detenci&#xF3;n clandestino en el cual se tortur&#xF3; y asesin&#xF3; a miles de personas. All&#xED; tuvo a su hija que, una semana m&#xE1;s tarde, fue entregada a los abuelos paternos. En la ESMA, Labayru fue torturada, obligada a realizar trabajo esclavo, violada reiteradamente por un oficial y forzada a representar el papel de hermana de Alfredo Astiz, un miembro de la Armada que se hab&#xED;a infiltrado en la organizaci&#xF3;n Madres de Plaza de Mayo, un operativo que termin&#xF3; con tres Madres y dos monjas francesas desaparecidas. La liberaron en junio de 1978 y en el avi&#xF3;n rumbo a Madrid, junto a su hija de un a&#xF1;o y medio, pens&#xF3;: &#xAB;Se acab&#xF3; el infierno&#xBB;. Pero el infierno no hab&#xED;a terminado. Los argentinos en el exilio la repudiaron, acus&#xE1;ndola de traidora a ra&#xED;z de la desaparici&#xF3;n de las Madres. Abominada por quienes hab&#xED;an sido sus compa&#xF1;eros de militancia, arropada por unos pocos amigos fieles exiliados en Europa, hizo una vida. Hasta que en 2018 la contact&#xF3; desde Buenos Aires un hombre que hab&#xED;a sido su pareja en los a&#xF1;os setenta y, en una secuencia en la que se funden manipulaciones familiares que torcieron el destino, comenz&#xF3; a urdirse una historia que contin&#xFA;a hasta hoy. La periodista Leila Guerriero comenz&#xF3; a entrevistarla en 2021, mientras se esperaba la sentencia del primer juicio por cr&#xED;menes de violencia sexual cometidos contra mujeres secuestradas durante la dictadura, en el que Labayru era denunciante. A lo largo de casi dos a&#xF1;os, habl&#xF3; con sus amigos, sus exparejas, su pareja actual, sus hijos y sus compa&#xF1;eros de cautiverio y de militancia. El resultado es el retrato de una mujer con una historia compleja en la que se amalgaman el amor, el sexo, la violencia, el humor, los hijos, los padres, la infidelidad, la pol&#xED;tica, los amigos, las mudanzas, y en la que sobrevuela una llamada telef&#xF3;nica que, realizada desde la ESMA el 14 de marzo de 1977, le salv&#xF3; la vida." --cover page [4].</subfield>
  </datafield>
  <datafield tag="520" ind1=" " ind2=" ">
    <subfield code="a">In the late 1960s, at the age of thirteen, Argentine Silvia Labayru was a shy teenager: a reader, an animal lover, an admirer of John F. Kennedy, and the daughter of a military family that included her father, a member of the Air Force and a civilian pilot. At that age, she entered the prestigious public school Colegio Nacional Buenos Aires, where she came into contact with left-wing student groups and became a fervent activist.

In March 1976, Argentina experienced a coup d&#x2019;&#xE9;tat that ushered in a military dictatorship. By then, five months pregnant and aged twenty, Labayru was working in the Intelligence division of the Montoneros, an armed Peronist organisation. On 29 December 1976, she was kidnapped by the military and taken to the ESMA, the Navy School of Mechanics, which operated as a clandestine detention centre where thousands were tortured and murdered. It was there that she gave birth to her daughter, who was handed over to her paternal grandparents a week later. At the ESMA, Labayru was tortured, forced into slave labour, repeatedly raped by an officer, and made to play the role of the sister of Alfredo Astiz, a naval officer who infiltrated the Mothers of Plaza de Mayo; that operation ended with the disappearance of three Mothers and two French nuns.

She was released in June 1978 and, on the plane bound for Madrid with her eighteen-month-old daughter, she thought: &#x201C;The hell is over.&#x201D; But the hell had not ended. Argentines in exile repudiated her, accusing her of treachery over the Mothers&#x2019; disappearance. Abhorred by those who had once been her comrades, supported only by a handful of loyal friends in Europe, she built a life. Until, in 2018, she was contacted from Buenos Aires by a man who had been her partner in the 1970s and, in a sequence woven from family manipulations that bent the course of fate, a story began to take shape that continues to this day.

Journalist Leila Guerriero began interviewing her in 2021, as the verdict was awaited in the first trial for sexual violence crimes committed against women held in clandestine detention during the dictatorship, in which Labayru was a complainant. Over almost two years, Guerriero spoke with her friends, former partners, current partner, children, and fellow survivors and militants. The result is the portrait of a woman with a complex story where love, sex, violence, humour, children, parents, infidelity, politics, friendship, and exile are all entwined &#x2013; and over which hovers a phone call, made from the ESMA on 14 March 1977, that saved her life.</subfield>
  </datafield>
  <datafield tag="546" ind1=" " ind2=" ">
    <subfield code="a">In Spanish.</subfield>
  </datafield>
  <datafield tag="600" ind1=" " ind2="0">
    <subfield code="a">Labayru, Silvia</subfield>
    <subfield code="0">http://id.loc.gov/authorities/names/no2024082317</subfield>
    <subfield code="9">25795</subfield>
  </datafield>
  <datafield tag="650" ind1=" " ind2="0">
    <subfield code="a">Women radicals</subfield>
    <subfield code="z">Argentina</subfield>
    <subfield code="v">Biography.</subfield>
  </datafield>
  <datafield tag="650" ind1=" " ind2="0">
    <subfield code="a">Dictatorship</subfield>
    <subfield code="z">Argentina</subfield>
    <subfield code="y">20th century.</subfield>
  </datafield>
  <datafield tag="651" ind1=" " ind2="0">
    <subfield code="a">Argentina</subfield>
    <subfield code="x">History</subfield>
    <subfield code="y">Dirty War, 1976-1983.</subfield>
    <subfield code="0">http://id.loc.gov/authorities/subjects/sh2003004019</subfield>
  </datafield>
  <datafield tag="655" ind1=" " ind2="0">
    <subfield code="a">Biographies</subfield>
    <subfield code="2">lcgft</subfield>
    <subfield code="0">http://id.loc.gov/authorities/genreForms/gf2014026049</subfield>
    <subfield code="9">22503</subfield>
  </datafield>
  <datafield tag="830" ind1=" " ind2="0">
    <subfield code="a">Narrativas hisp&#xE1;nicas.</subfield>
    <subfield code="0">http://id.loc.gov/authorities/names/n84733961</subfield>
  </datafield>
  <datafield tag="942" ind1=" " ind2=" ">
    <subfield code="2">lcc</subfield>
  </datafield>
  <datafield tag="952" ind1=" " ind2=" ">
    <subfield code="0">0</subfield>
    <subfield code="1">0</subfield>
    <subfield code="2">lcc</subfield>
    <subfield code="4">0</subfield>
    <subfield code="7">0</subfield>
    <subfield code="a">TBS</subfield>
    <subfield code="b">TBS</subfield>
    <subfield code="d">2025-08-27</subfield>
    <subfield code="l">0</subfield>
    <subfield code="o">P-SP GUE</subfield>
    <subfield code="p">B06035</subfield>
    <subfield code="r">2025-08-27</subfield>
    <subfield code="t">1</subfield>
    <subfield code="w">2025-08-27</subfield>
    <subfield code="y">1</subfield>
  </datafield>
  <datafield tag="999" ind1=" " ind2=" ">
    <subfield code="c">4881</subfield>
    <subfield code="d">4881</subfield>
  </datafield>
</record>
